Open Data Biblioteca Nacional de Portugal


República Portuguesa: Ministério da Cultura
Biblioteca Nacional de Portugal

Catálogo da BNP: acesso por Identificadores Unívocos
Registos Bibliográficos associados ao registo de autoridade

Etiqueta de registo: 00000nam 2200025 450
001 2286217
003 http://id.bnportugal.gov.pt/bib/catbnp/2286217
100 ## $a20260512d2025 k y0pory01030103ba
101 0# $aeng$dpor
102 ## $aPT
105 ## $aa m 000yy
106 ## $ar
200 1# $aEcology, environment, ecosystem$e a historical account from the perspective of the field-station-movement in aquatic biomes, between Mediterranean countries and the Anglo-American World (1890-1950)$fPier Luigi Pireddu$gorient. Ana Duarte Rodrigues
210 #9 $aLisboa$c[s.n.],$d2025
215 ## $aXVII, 333 p.$cil.$d30 cm$ecurriculum vitae ([11] p.)
328 #1 $aTese dout. História e Filosofia das Ciências, Faculdade de Ciências, Universidade de Lisboa, 2025
700 #1 $aPireddu,$bPier Luigi,$f1994-$31998248
702 #1 $aRodrigues,$bAna Duarte,$f1972-$4727$31280419
801 #0 $aPT$bBN$gRPC
966 ## $lBN$mFGMON$x1
971 ## $corlando$d20260512

OpendataBNP@bnportugal.pt | Mais informação sobre acesso aos dados BNP